Detalles MARC
| 000 -LIDER |
| fixed length control field |
00759nam a2200301 4500 |
| 001 - NÚMERO DE CONTROL |
| Identificador de número de control |
|
| 003 - IDENTIFICACDOR DE NÚMERO DE CONTROL |
| control field |
DO-SdBNP |
| 005 - DATE AND TIME OF LATEST TRANSACTION |
| control field |
20180315100321.0 |
| 008 - ELEMENTOS DE LONGITUD FIJA |
| fixed length control field |
930725s1992 sp spa |
| 016 7# - NO. DE CONTROL DE LA AGENCIA BIB. NACIONAL |
| Record control number |
|
| Canceled/invalid record control number |
|
| Source |
|
| 017 ## - NÚMERO DE REGISTRO DE DERECHOS DE AUTOR |
| Copyright or legal deposit number |
|
| Assigning agency |
|
| 020 ## - ISBN |
| International Standard Book Number |
8423321207 |
| 035 ## - NÚMERO LOCAL |
| System control number |
|
| 040 ## - FUENTE DE CATALOGACIÓN |
| Agencia que crea de manera original el registro |
|
| Idioma de catalogación |
spa |
| Agencia que realiza la transcripción |
|
| 080 #0 - NÚMERO DE CLASIFICACIÓN DECIMAL UNIVERSAL |
| Universal Decimal Classification number |
|
| 082 ## - NÚMERO DE CLASIFICACIÓN DECIMAL DE DEWEY |
| Classification number |
372.4 |
| Item number |
C689l |
| 100 1# - ASIENTO PRINCIPAL -- NOMBRE PERSONAL |
| Nombre personal |
Cole, Babette |
| 245 13 - MENCIÓN DE TITULO |
| Título |
El libro tonto / |
| Medio (Designación general de material) |
|
| Mención de responsabilidad |
Babette Cole |
| 260 1# - PUBLICACIÓN, DISTRIBUCIÓN, ETC. (PIE DE IMPRENTA) |
| Lugar de publicación, distribución, etc |
Barcelona : |
| Nombre del editor, distribuidor, etc. |
Ediciones Destino, |
| Fecha de publicación, distribución, etc |
1992 |
| Impresor |
|
| 300 ## - DESCRIPCIÓN FÍSICA |
| Extensión |
36 p. : |
| Dimensiones |
28 cm |
| Otros detalles físicos |
il. ; |
| 490 0# - MENCIÓN DE SERIES |
| Mención de serie |
|
| Volume/sequential designation |
|
| 650 ## - ENCABEZAMIENTO DE MATERIA--TEMÁTICO |
| Término temático o nombre geográfico como elemento de entrada |
Libros ilustrados para niños |
| 942 ## - ADDED ENTRY ELEMENTS (KOHA) |
| Source of classification or shelving scheme |
Dewey Decimal Classification |
| Koha item type |
Libros |
| 945 ## - INFORMACIÓN DE PROCESAMIENTO LOCAL |
| Información de procesamiento local |
Inventariado extranjero / 2017 VM |
| 956 ## - LOCAL ELECTRONIC LOCATION AND ACCESS (OCLC) |
| Nombre de host |
VMATEO |
| Número de acceso |
10 |
| Información de compresión |
20171201 |
| Trayectoria |
BPMSU |
| Nombre Electrónico |
0069 |
| 980 ## - EQUIVALENCE OR CROSS-REFERENCE-SERIES STATEMENT--PERSONAL NAME/TITLE [LOCAL, CANADA] |
| Personal name |
|
| Numeration |
|
| Attribution qualifier |
|
| Titles and other words associated with a name |
|
| 980 ## - EQUIVALENCE OR CROSS-REFERENCE-SERIES STATEMENT--PERSONAL NAME/TITLE [LOCAL, CANADA] |
| Personal name |
|
| Numeration |
|
| Attribution qualifier |
|
| Titles and other words associated with a name |
|